| 000 | 00813nam a2200253 i 4500 | ||
|---|---|---|---|
| 001 | 185463 | ||
| 003 | SpMaBN | ||
| 005 | 20250813060905.0 | ||
| 008 | 160607s2001 sp f |||| | spa d | ||
| 020 | _a84-7844-339-8 | ||
| 080 | _a292.112.14 | ||
| 100 | 1 |
_aOtto, Walter F. _987956 |
|
| 245 | 1 | 0 |
_aDioniso _b: mito y culto / _cWalter F. Otto ; traducción de Cristina García Ohlrich. |
| 250 | _a2ª ed. | ||
| 260 |
_aMadrid : _bSiruela, _c2001. |
||
| 300 |
_a185 p., [3] p. de lám. ; _c22 cm. |
||
| 490 | 1 |
_aEl árbol del paraíso ; _v9 |
|
| 500 | _aÍndice. | ||
| 650 | 1 | 7 |
_aDionisos (Divinidad griega) _9159799 |
| 700 | 1 |
_aGarcía Ohlrich, Cristina. _955044 |
|
| 830 | 0 | 3 |
_aEl árbol del paraíso _v9 _9179942 |
| 852 |
_aES-MaACL _jL-30352 _z. - Donat. Miguel A. Velasco |
||
| 999 |
_c185463 _d185463 |
||